[Event "Tata Steel India Blitz"]
[Site "Kolkata IND"]
[Date "2018.11.14"]
[Round "17.4"]
[White "Praggnanandhaa, R"]
[Black "Ganguly, Surya Shekhar"]
[Result "1-0"]
[WhiteTitle "GM"]
[BlackTitle "GM"]
[WhiteElo "2530"]
[BlackElo "2615"]
[WhiteFideId "25059530"]
[BlackFideId "5002150"]
[EventDate "2018.11.13"]

1. e4 c5 2. Nf3 e6 3. g3 Nc6 4. Bg2 Nf6 5. Nc3 d6 6. O-O Be7 7. d4 cxd4 8. Nxd4
Bd7 9. b3 O-O 10. Bb2 a6 11. Nce2 Rc8 12. c4 b5 13. cxb5 Nxd4 14. Nxd4 axb5 15.
Qe2 Qb6 16. Rfd1 b4 17. e5 dxe5 18. Qxe5 Bd6 19. Qg5 h6 20. Qd2 Be5 21. Re1 Bb8
22. Nc2 Rfd8 23. Qxb4 Ba7 24. Qxb6 Bxb6 25. Ne3 Bb5 26. a4 Ba6 27. b4 Bd3 28.
Bxf6 gxf6 29. Rac1 Rb8 30. Red1 Bxe3 31. fxe3 Rxb4 32. Rc3 Rb1 33. Rxb1 Bxb1 34.
Rc1 Ba2 35. a5 Bd5 36. Rd1 f5 37. Bxd5 exd5 38. Kf2 Kg7 39. Kf3 Kf6 40. Kf4 Re8
41. Rxd5 Re4+ 42. Kf3 Ra4 43. Rb5 h5 44. Rb6+ Ke5 45. a6 Ra2 46. h3 Ra3 47. Rh6
Ra1 48. Rxh5 Rxa6 49. g4 Ra1 50. Rxf5+ Ke6 51. h4 f6 52. Rb5 Kf7 53. Rb2 Kg6 54.
Kf4 Rf1+ 55. Kg3 Rg1+ 56. Kf3 Rf1+ 57. Rf2 Rh1 58. Kg3 Rg1+ 59. Kf4 Rh1 60. h5+
Kg7 61. e4 Ra1 62. Rf3 Ra5 63. Rb3 Ra1 64. Rb7+ Kh6 65. Rb6 Rf1+ 66. Kg3 Kg7 67.
Rb2 Rg1+ 68. Kf3 Rf1+ 69. Rf2 Ra1 70. Re2 Rf1+ 71. Kg2 Rf4 72. Kg3 Rf1 73. e5
Rg1+ 74. Kf3 Rf1+ 75. Kg2 Rf4 76. Kg3 fxe5 77. Rxe5 Rf1 78. Kh4 Kf6 79. Rb5 Rh1+
80. Kg3 Rg1+ 81. Kf3 Rf1+ 82. Kg2 Ra1 83. g5+ Kf7 84. Rb7+ Kg8 85. Kg3 Ra4 86.
h6 Ra1 87. Kg4 Rg1+ 88. Kh5 Ra1 89. Rb5 Ra6 90. g6 Ra8 91. Kg5 Kh8 92. Rf5 Kg8
93. h7+ Kg7 94. Rf7+ Kh8 95. Kh6 Rb8 96. g7# 1-0

[Event "Tata Steel India Blitz"]
[Site "Kolkata IND"]
[Date "2018.11.14"]
[Round "18.1"]
[White "Aronian, Levon"]
[Black "Anand, Viswanathan"]
[Result "1/2-1/2"]
[WhiteTitle "GM"]
[BlackTitle "GM"]
[WhiteElo "2765"]
[BlackElo "2773"]
[WhiteFideId "13300474"]
[BlackFideId "5000017"]
[EventDate "2018.11.13"]

1. e4 e5 2. Nf3 Nc6 3. Bc4 Bc5 4. c3 Nf6 5. d4 exd4 6. e5 d5 7. Be2 Ne4 8. cxd4
Bb6 9. Nc3 O-O 10. Be3 f6 11. exf6 Nxf6 12. h3 Ne7 13. O-O Nf5 14. Bd3 Nxe3 15.
fxe3 Qe7 16. Qd2 c6 17. Rae1 Bd7 18. e4 dxe4 19. Nxe4 Nxe4 20. Rxe4 Qd6 21. Bc4+
Kh8 22. Ng5 Rxf1+ 23. Kxf1 Qf6+ 24. Qf4 Be8 25. Qxf6 gxf6 26. Nf3 Bh5 27. g4 Re8
28. Rf4 Bg6 29. Rxf6 Kg7 30. Rd6 Rd8 31. Rxd8 Bxd8 32. Ne5 Bb6 33. d5 cxd5 34.
Bxd5 Bd4 35. Nf3 Bxb2 36. Bxb7 Bf7 37. a4 Be8 38. a5 Bb5+ 39. Kf2 a6 1/2-1/2

[Event "Tata Steel India Blitz"]
[Site "Kolkata IND"]
[Date "2018.11.14"]
[Round "18.2"]
[White "Harikrishna, Pentala"]
[Black "Vidit, Santosh Gujrathi"]
[Result "0-1"]
[WhiteTitle "GM"]
[BlackTitle "GM"]
[WhiteElo "2729"]
[BlackElo "2702"]
[WhiteFideId "5007003"]
[BlackFideId "5029465"]
[EventDate "2018.11.13"]

1. e4 c5 2. Nf3 d6 3. Bb5+ Nd7 4. O-O a6 5. Bxd7+ Bxd7 6. d4 cxd4 7. Qxd4 Rc8 8.
c4 e5 9. Qd3 b5 10. Na3 Qb6 11. Rd1 Qb7 12. Bg5 h6 13. Bh4 g5 14. Bg3 Be7 15.
cxb5 axb5 16. Rac1 Rxc1 17. Rxc1 Nf6 18. Nd2 O-O 19. Nc2 Rc8 20. Re1 b4 21. Ne3
Be6 22. a3 bxa3 23. bxa3 Ra8 24. h3 Ra4 25. Rb1 Qa8 26. Nec4 Bxc4 27. Nxc4 Qxe4
28. Qxe4 Nxe4 29. Rb4 Rxb4 30. axb4 Nc3 31. f3 f6 32. Be1 Nb5 33. Ne3 h5 34. h4
Kf7 35. hxg5 fxg5 36. Nf5 d5 37. Kf1 Bf6 38. Ke2 Ke6 39. Ng3 h4 40. Nf1 e4 41.
fxe4 dxe4 42. Nh2 Kf5 43. Nf1 Bd4 44. Bf2 Nc3+ 45. Ke1 Bxf2+ 46. Kxf2 Kf4 47.
g3+ hxg3+ 48. Nxg3 e3+ 49. Kg2 e2 50. Nxe2+ Nxe2 51. b5 0-1

[Event "Tata Steel India Blitz"]
[Site "Kolkata IND"]
[Date "2018.11.14"]
[Round "18.5"]
[White "So, Wesley"]
[Black "Karjakin, Sergey"]
[Result "1/2-1/2"]
[WhiteTitle "GM"]
[BlackTitle "GM"]
[WhiteElo "2765"]
[BlackElo "2753"]
[WhiteFideId "5202213"]
[BlackFideId "14109603"]
[EventDate "2018.11.13"]

1. c4 Nf6 2. Nc3 e5 3. Nf3 Nc6 4. e3 Bb4 5. Qc2 Bxc3 6. Qxc3 Qe7 7. b3 d5 8. d4
Ne4 9. Qb2 Be6 10. Be2 Qb4+ 11. Nd2 exd4 12. exd4 Qc3 13. f3 Qxb2 14. Bxb2 Nxd2
15. Kxd2 O-O-O 16. c5 Bf5 17. Bc3 Rhe8 18. g4 Bg6 19. b4 Re6 20. b5 Ne7 21. Rae1
h5 22. h3 Rh8 23. a4 Kd7 24. Reg1 Re8 25. Bd1 Ng8 26. f4 Be4 27. Rh2 hxg4 28.
hxg4 Rh6 29. Rxh6 Nxh6 30. Rg3 f6 31. Rh3 Nf7 32. Kc1 Nd8 33. f5 Nf7 34. Rh7 Rg8
35. Bd2 Bd3 36. Rh3 Be4 37. Bf4 Rh8 38. c6+ Kc8 39. cxb7+ Kxb7 40. Rxh8 Nxh8 41.
Bd2 c6 42. bxc6+ Kxc6 43. Bb4 g6 44. fxg6 Nxg6 45. Kd2 f5 46. g5 f4 47. Be2 Nh4
48. Bc5 Kb7 49. Be7 Nf5 50. Bf6 Ng3 51. Be5 Nxe2 52. Kxe2 1/2-1/2